005750000a22001810004500003001100000005001700011008004100028020001500069040003900084041000800123082001500131100001800146245008300164260006300247300001000310650004200320650003100362LK-CoMWRAF20231130122131.0230817t1998 ||||| |||| 00| 0 eng d a9555800340 aLK-CoMWRAFdLK-CoMWRAFeLK-CoMWRAF aeng a306.2bAHM aAhmed, Imtiaz aThe efficacy of the nation state in South Asia: bA post-nationalist critique  aColombo:b International Centre for Ethnic Studies, c1998 a81 p. aSouth Asia - Politics and Government  aGlobalization - South Asia